000 00285nam a2200121Ia 4500
008 240731s9999 xx 000 0 und d
022 _a1751-2964
245 0 _aLife Writing
260 _bRoutledge
856 _uhttps://www.tandfonline.com/loi/rlwr20
942 _2ddc
942 _cTFEJ
999 _c78436
_d78436
945 _a1
_bMadushi Gamage
_c1
_dMadushi Gamage